Cocker (Record n. 99563)
[ formato base ]
| 000 -LEADER | |
|---|---|
| fixed length control field | 02845njm a2200493Ia 4500 |
| 001 - CONTROL NUMBER | |
| control field | 27628 |
| 003 - CONTROL NUMBER IDENTIFIER | |
| control field | IT-RoPAU |
| 005 - DATE AND TIME OF LATEST TRANSACTION | |
| control field | 20220918181118.0 |
| 008 - FIXED-LENGTH DATA ELEMENTS--GENERAL INFORMATION | |
| fixed length control field | 131025s9999 xx 000 0 und d |
| 040 ## - CATALOGING SOURCE | |
| Original cataloging agency | IT-RoPAU |
| 040 ## - CATALOGING SOURCE | |
| Transcribing agency | IT-RoPAU |
| 041 ## - LANGUAGE CODE | |
| Language code of text/sound track or separate title | INGLESE |
| 999 ## - SYSTEM CONTROL NUMBERS (KOHA) | |
| Koha Dewey Subclass [OBSOLETE] | n.d. |
| 100 ## - MAIN ENTRY--PERSONAL NAME | |
| Personal name | AA.VV. |
| 9 (RLIN) | 794 |
| 100 ## - MAIN ENTRY--PERSONAL NAME | |
| Relator term | Autore musica |
| 9 (RLIN) | 18753 |
| 100 ## - MAIN ENTRY--PERSONAL NAME | |
| Miscellaneous information | Codice autore musica SPICS: 12000 |
| 9 (RLIN) | 796 |
| 245 ## - TITLE STATEMENT | |
| Title | Cocker |
| 250 ## - EDITION STATEMENT | |
| Edition statement | 1a ed. |
| 260 ## - PUBLICATION, DISTRIBUTION, ETC. (IMPRINT) | |
| Place of publication, distribution, etc. | USA |
| 260 ## - PUBLICATION, DISTRIBUTION, ETC. (IMPRINT) | |
| Name of publisher, distributor, etc. | CAPITOL RECORDS |
| Date of publication, distribution, etc. | 1986 [1a Ed.:1986 - Ed. Lingua Orig.: 1986] |
| 300 ## - PHYSICAL DESCRIPTION | |
| Extent | DISCO |
| 300 ## - PHYSICAL DESCRIPTION | |
| Dimensions | 47 minuti (Testo: pag.) |
| 500 ## - GENERAL NOTE | |
| General note | Musica pop |
| 505 ## - FORMATTED CONTENTS NOTE | |
| Formatted contents note | Shelter Me (6:00) - A To Z (5:00) - Don't You Love Me Anymore (6:00) - Living Without Your Love (5:00) - Don't Drink the Water (4:00) - You Can Leave Your Hat On (5:00) - Heart of the Matter (5:00) - Inner City Blues (6:00) - Love Is On A Fade (5:00) - Heaven (5:00) |
| 650 ## - SUBJECT ADDED ENTRY--TOPICAL TERM | |
| Topical term or geographic name as entry element | POP [DISCHI] |
| Relator term | Codice MATERIA SPICS: 9950 |
| 9 (RLIN) | 1001 |
| 700 ## - ADDED ENTRY--PERSONAL NAME | |
| Personal name | Cocker Joe |
| Miscellaneous information | Codice interprete SPICS: 10157 |
| Relator term | Interprete |
| 9 (RLIN) | 18754 |
| 700 ## - ADDED ENTRY--PERSONAL NAME | |
| Personal name | Di Stefano Nick |
| Miscellaneous information | Codice autore musica SPICS: 28387 |
| Relator term | Autore musica |
| Name of part/section of a work | Shelter Me |
| 9 (RLIN) | 18755 |
| 700 ## - ADDED ENTRY--PERSONAL NAME | |
| Personal name | Kimmel Tom |
| Miscellaneous information | Codice autore musica SPICS: 22342 |
| Relator term | Autore musica |
| Name of part/section of a work | A To Z |
| 9 (RLIN) | 18756 |
| 700 ## - ADDED ENTRY--PERSONAL NAME | |
| Personal name | Hammond A. |
| Miscellaneous information | Codice autore musica SPICS: 14448 |
| Relator term | Autore musica |
| Name of part/section of a work | Don't You Love Me Anymore |
| 9 (RLIN) | 18757 |
| 700 ## - ADDED ENTRY--PERSONAL NAME | |
| Personal name | Warren Dianne |
| Miscellaneous information | Codice autore testo/musica SPICS: 28388 |
| Relator term | Autore testo/musica |
| Name of part/section of a work | Don't You Love Me Anymore |
| 9 (RLIN) | 18758 |
| 700 ## - ADDED ENTRY--PERSONAL NAME | |
| Personal name | James D. |
| Miscellaneous information | Codice autore musica SPICS: 28389 |
| Relator term | Autore musica |
| Name of part/section of a work | Living Without Your Love |
| 9 (RLIN) | 18759 |
| 700 ## - ADDED ENTRY--PERSONAL NAME | |
| Personal name | Bolton M. |
| Miscellaneous information | Codice autore testo/musica SPICS: 28390 |
| Relator term | Autore testo/musica |
| Name of part/section of a work | Living Without Your Love |
| 9 (RLIN) | 18760 |
| 700 ## - ADDED ENTRY--PERSONAL NAME | |
| Personal name | Robinson Peter |
| Miscellaneous information | Codice autore musica SPICS: 1980 |
| Relator term | Autore musica |
| Name of part/section of a work | Don't Drink the Water |
| 9 (RLIN) | 18761 |
| 700 ## - ADDED ENTRY--PERSONAL NAME | |
| Personal name | Feldman R. |
| Miscellaneous information | Codice autore testo/musica SPICS: 28391 |
| Relator term | Autore testo/musica |
| Name of part/section of a work | Don't Drink the Water |
| 9 (RLIN) | 18762 |
| 700 ## - ADDED ENTRY--PERSONAL NAME | |
| Personal name | Newman Randy |
| Miscellaneous information | Codice autore testo/musica SPICS: 8094 |
| Relator term | Autore testo/musica |
| Name of part/section of a work | You Can Leave Your Hat On |
| 9 (RLIN) | 18763 |
| 700 ## - ADDED ENTRY--PERSONAL NAME | |
| Personal name | Aerts B. |
| Miscellaneous information | Codice autore musica SPICS: 28392 |
| Relator term | Autore musica |
| Name of part/section of a work | Heart of the Matter |
| 9 (RLIN) | 18764 |
| 700 ## - ADDED ENTRY--PERSONAL NAME | |
| Personal name | Miller R. |
| Miscellaneous information | Codice autore testo/musica SPICS: 28393 |
| Relator term | Autore testo/musica |
| Name of part/section of a work | Heart of the Matter |
| 9 (RLIN) | 18765 |
| 700 ## - ADDED ENTRY--PERSONAL NAME | |
| Personal name | Nyx J. |
| Miscellaneous information | Codice autore musica SPICS: 28394 |
| Relator term | Autore musica |
| Name of part/section of a work | Inner City Blues |
| 9 (RLIN) | 18766 |
| 700 ## - ADDED ENTRY--PERSONAL NAME | |
| Personal name | Gaye Marvin |
| Miscellaneous information | Codice autore testo/musica SPICS: 28395 |
| Relator term | Autore testo/musica |
| Name of part/section of a work | Inner City Blues |
| 9 (RLIN) | 18767 |
| 700 ## - ADDED ENTRY--PERSONAL NAME | |
| Personal name | Morgan Deborah |
| Miscellaneous information | Codice autore musica SPICS: 24264 |
| Relator term | Autore musica |
| Name of part/section of a work | Love Is On A Fade |
| 9 (RLIN) | 18768 |
| 700 ## - ADDED ENTRY--PERSONAL NAME | |
| Personal name | Davis S.A. |
| Miscellaneous information | Codice autore testo/musica SPICS: 28396 |
| Relator term | Autore testo/musica |
| Name of part/section of a work | Love Is On A Fade |
| 9 (RLIN) | 18769 |
| 700 ## - ADDED ENTRY--PERSONAL NAME | |
| Personal name | Manning Terry |
| Miscellaneous information | Codice autore testo/musica SPICS: 28397 |
| Relator term | Autore testo/musica |
| Name of part/section of a work | Heaven |
| 9 (RLIN) | 18770 |
| 942 ## - ADDED ENTRY ELEMENTS (KOHA) | |
| Koha item type | DISCHI |
| Source of classification or shelving scheme | Dewey Decimal Classification |
| Withdrawn status | Lost status | Damaged status | Not for loan | Home library | Current library | Date acquired | Total Checkouts | Full call number | Date last seen | Price effective from | Koha item type | Public note |
|---|---|---|---|---|---|---|---|---|---|---|---|---|
| Buone Condizioni | Not For Loan | SPICS-MEDIATECA | SPICS-MEDIATECA | 25/10/2013 | 27628 | 25/10/2013 | 25/10/2013 | DISCHI | Progr. Ins.: 7181 / N.Vol.: 1 / Copie: 1 - Copia rara: n.d. / date import: 01.01.2014 - By Epidotti, Trombetti, Vaglietti |